[Event "Ostravský koník 2014 - FIDE Open B"]
[Site "Ostrava, CZE"]
[Date "2014.04.29"]
[Round "4"]
[White "Bubik, Antonin"]
[Black "Fridrisek, Tomas"]
[Result "0-1"]
[WhiteElo "1000"]
[BlackElo "1473"]
[PlyCount "38"]

1. e4 d6 2. Nf3 g6 3. d4 Bg7 4. Be3 Nf6 5. Nbd2 O-O 6. Bd3 c6 7. O-O b5 8. c3
Ng4 9. h3 Nxe3 10. fxe3 e5 11. Qc2 a6 12. Rf2 Nd7 13. d5 Bh6 14. Re1 c5 15. a4
c4 16. Bf1 Qb6 17. Rfe2 Nc5 18. b3 Nd3 19. a5 Nxe1 0-1

[Event "Ostravský koník 2014 - FIDE Open B"]
[Site "Ostrava, CZE"]
[Date "2014.04.29"]
[Round "4"]
[White "Tatarcik, Vladimir"]
[Black "Szuscikova, Natalie"]
[Result "1-0"]
[WhiteElo "1889"]
[BlackElo "1223"]
[PlyCount "60"]

1. b4 e5 2. Bb2 Nc6 3. b5 Nd4 4. e3 Nf5 5. Bxe5 d5 6. Nf3 Nf6 7. c4 Be6 8. cxd5
Bxd5 9. Nc3 Be6 10. e4 Bc5 11. exf5 Bxf5 12. Bc4 O-O 13. O-O Re8 14. d4 Bb4 15.
Bxf7+ Kxf7 16. Qb3+ Be6 17. Ng5+ Kg8 18. Nxe6 Qe7 19. Nxc7+ Kh8 20. Nxa8 Rxa8
21. Bxf6 gxf6 22. Nd5 Qd6 23. Nxb4 Qxd4 24. Rad1 Qg4 25. Qf7 Rg8 26. Qxf6+ Qg7
27. Qxg7+ Rxg7 28. Rd8+ Rg8 29. Rfd1 Rxd8 30. Rxd8+ Kg7 1-0

[Event "Ostravský koník 2014 - FIDE Open B"]
[Site "Ostrava, CZE"]
[Date "2014.04.29"]
[Round "4"]
[White "Mikesch, Dalibor"]
[Black "Odlevak, Marek"]
[Result "1-0"]
[WhiteElo "1293"]
[BlackElo "1217"]
[PlyCount "89"]

1. e4 e5 2. Nf3 Nc6 3. Bb5 Nf6 4. Nc3 Bb4 5. O-O O-O 6. d3 h6 7. a3 Ba5 8. Be3
d6 9. d4 a6 10. Bxc6 bxc6 11. dxe5 dxe5 12. Nxe5 Bb7 13. b4 Bb6 14. Qf3 Kh7 15.
Rad1 Qe7 16. Nc4 Bxe3 17. Nxe3 c5 18. Ncd5 Nxd5 19. Nxd5 Qd6 20. Qd3 cxb4 21.
e5+ Qg6 22. Qxg6+ Kxg6 23. axb4 c6 24. Nb6 Rad8 25. Nd7 Rfe8 26. Nc5 Bc8 27. h3
Rxd1 28. Rxd1 Kh7 29. f4 Re7 30. Rd6 Bb7 31. Nxb7 Rxb7 32. Rxc6 Rxb4 33. Rxa6
Rxf4 34. Rc6 Ra4 35. c4 Ra7 36. c5 g6 37. Rc8 h5 38. c6 Kh6 39. c7 Kg5 40. Kh2
Kf4 41. e6 fxe6 42. Rf8+ Kg5 43. c8=Q Rg7 44. Qc1+ Kh4 45. Qf4# 1-0

[Event "Ostravský koník 2014 - FIDE Open B"]
[Site "Ostrava, CZE"]
[Date "2014.04.29"]
[Round "4"]
[White "Klecka, Ivo"]
[Black "Fizerova, Lucie"]
[Result "1-0"]
[WhiteElo "1756"]
[BlackElo "1160"]
[PlyCount "89"]

1. d4 f5 2. c4 Nf6 3. Nc3 g6 4. Nf3 Bg7 5. Bf4 O-O 6. e3 d6 7. Bd3 Qe8 8. Qb3
Nbd7 9. Nb5 Qd8 10. Ng5 e5 11. Ne6 Qe7 12. Bg5 a6 13. Nbxc7 Rb8 14. Nxf8 Nxf8
15. Nd5 Qf7 16. Bxf6 Bxf6 17. Nxf6+ Qxf6 18. d5 e4 19. Bc2 Nd7 20. Qc3 Qg5 21.
Rg1 Qh6 22. h3 Ne5 23. O-O-O b5 24. c5 b4 25. Qd4 Nf7 26. cxd6 Nxd6 27. Qe5 Qf8
28. f3 Bd7 29. fxe4 Rc8 30. Kb1 Nc4 31. Qd4 Bb5 32. e5 Re8 33. e6 Nd6 34. g4
Rb8 35. gxf5 Nxf5 36. Bxf5 Qxf5+ 37. e4 Qxh3 38. Qe5 Re8 39. Rg3 Qh6 40. d6 Be2
41. d7 Rd8 42. e7 Rxd7 43. e8=Q+ Qf8 44. Qh8+ Kxh8 45. Qxf8# 1-0

[Event "Ostravský koník 2014 - FIDE Open B"]
[Site "Ostrava, CZE"]
[Date "2014.04.29"]
[Round "4"]
[White "Gerekova, Eliska"]
[Black "Lipka, Petr"]
[Result "0-1"]
[WhiteElo "1233"]
[BlackElo "1676"]
[PlyCount "86"]

1. e4 c6 2. d4 d6 3. Nf3 Bg4 4. Nc3 Qc7 5. Bf4 Nd7 6. Bc4 e5 7. Be3 Ngf6 8. Qd3
Bh5 9. O-O-O O-O-O 10. Rhe1 Be7 11. Nb1 Bg6 12. Bg5 h6 13. Bxf6 Nxf6 14. Nbd2
d5 15. dxe5 dxe4 16. Qb3 exf3 17. exf6 Bxf6 18. Nxf3 Rxd1+ 19. Rxd1 Re8 20. a4
Qf4+ 21. Kb1 Qc7 22. Qb4 Rd8 23. Rxd8+ Qxd8 24. Kc1 Bh5 25. Qd2 Qb6 26. b4 Qc7
27. Qe3 b6 28. Ba6+ Kd7 29. Qd3+ Ke7 30. Qe3+ Kf8 31. c4 Bxf3 32. Qxf3 Qxh2 33.
Qxc6 Qg1+ 34. Kd2 Qxf2+ 35. Kd3 Qd4+ 36. Ke2 Qe5+ 37. Kd3 Qc3+ 38. Ke4 Qe1+ 39.
Kd3 Qd1+ 40. Ke4 Qe2+ 41. Kf4 Be5+ 42. Kf5 g6+ 43. Qxg6 fxg6+ 0-1

[Event "Ostravský koník 2014 - FIDE Open B"]
[Site "Ostrava, CZE"]
[Date "2014.04.29"]
[Round "4"]
[White "Koki, Jan"]
[Black "Frank, Martin"]
[Result "1-0"]
[WhiteElo "1595"]
[BlackElo "1100"]
[PlyCount "59"]

1. e4 e5 2. Nf3 Nc6 3. a3 Bc5 4. Nc3 a6 5. b4 Ba7 6. Bb2 d6 7. h3 Nf6 8. Bc4
Be6 9. Bxe6 fxe6 10. d3 d5 11. exd5 exd5 12. O-O O-O 13. Re1 Qd6 14. b5 Nd4 15.
Nxd4 Bxd4 16. Re2 Rae8 17. bxa6 bxa6 18. Qf1 Nh5 19. Qe1 Rf5 20. Nb5 Qg6 21.
Nxd4 Nf4 22. Qf1 Nxe2+ 23. Nxe2 Ref8 24. f4 exf4 25. Qf3 Re5 26. Bxe5 Re8 27.
Qxd5+ Kh8 28. Nxf4 Qb6+ 29. d4 c6 30. Qd7 1-0

[Event "Ostravský koník 2014 - FIDE Open B"]
[Site "Ostrava, CZE"]
[Date "2014.04.29"]
[Round "4"]
[White "Vyvial, Patrik"]
[Black "Kuzel, Jaroslav"]
[Result "1-0"]
[WhiteElo "1323"]
[BlackElo "1000"]
[PlyCount "69"]

1. e4 e5 2. Nf3 Nc6 3. Bb5 a6 4. Ba4 Nf6 5. Nc3 Bc5 6. O-O O-O 7. h3 Bb4 8. Re1
Bxc3 9. bxc3 b5 10. Bb3 Na5 11. d4 Nxb3 12. axb3 exd4 13. cxd4 Re8 14. Qd3 Bb7
15. d5 c6 16. c4 cxd5 17. cxd5 h6 18. Bf4 Rc8 19. Rad1 d6 20. Qd4 Nh5 21. Bc1
Qf6 22. Qb6 Ba8 23. Ba3 Red8 24. Rc1 Rb8 25. Qxa6 Qe7 26. e5 Bxd5 27. Bxd6 Qd7
28. Bxb8 Rxb8 29. Qd6 Qb7 30. Rc7 Qa8 31. Rd7 Nf4 32. e6 fxe6 33. Qxf4 Rf8 34.
Qg3 Bxf3 35. Qxg7# 1-0

[Event "Ostravský koník 2014 - FIDE Open B"]
[Site "Ostrava, CZE"]
[Date "2014.04.29"]
[Round "4"]
[White "Pinko, Michal"]
[Black "Gemsova, Tereza"]
[Result "0-1"]
[WhiteElo "1099"]
[BlackElo "1272"]
[PlyCount "86"]

1. e4 e5 2. Nf3 Nc6 3. Bb5 Bc5 4. Nc3 Nge7 5. O-O O-O 6. Nxe5 Nxe5 7. d4 Bxd4
8. Qxd4 d6 9. Bf4 c5 10. Qe3 a6 11. Bc4 Nxc4 12. Qg3 Ng6 13. Rfd1 Nxf4 14. Qxf4
Ne5 15. Ne2 f5 16. Ng3 fxe4 17. Qxe4 Qf6 18. f3 Rb8 19. Rf1 Bf5 20. Nxf5 Qxf5
21. h3 Qxe4 22. fxe4 Rxf1+ 23. Rxf1 Rf8 24. Rd1 Rf6 25. Kh2 Kf7 26. Kg1 Ke6 27.
Ra1 Rf4 28. Re1 b5 29. b3 b4 30. c4 bxc3 31. Rc1 Rxe4 32. Rxc3 c4 33. b4 Re2
34. a4 Ra2 35. b5 axb5 36. axb5 Rb2 37. Rc1 Rxb5 38. Rc3 Rb3 39. Rc1 c3 40. Rc2
d5 41. Kf2 Rb2 42. Ke3 Rxc2 43. Kd4 g5 0-1

[Event "Ostravský koník 2014 - FIDE Open B"]
[Site "Ostrava, CZE"]
[Date "2014.04.29"]
[Round "4"]
[White "Knettig, Vojtech"]
[Black "Simon, David"]
[Result "1-0"]
[WhiteElo "1000"]
[BlackElo "1250"]
[PlyCount "75"]

1. e4 c5 2. Nc3 d6 3. Bc4 g6 4. Nf3 Nc6 5. O-O Nf6 6. d3 Bg7 7. Ng5 d5 8. exd5
Ne5 9. Bf4 Nxc4 10. dxc4 O-O 11. Re1 Re8 12. d6 e6 13. Qd2 Nh5 14. g3 f6 15.
Rad1 e5 16. d7 Qxd7 17. Qxd7 Bxd7 18. Rxd7 exf4 19. Rxe8+ Rxe8 20. Nf3 g5 21.
g4 f5 22. gxh5 Bxc3 23. bxc3 Re2 24. Rxb7 Rxc2 25. Rxa7 Rxc3 26. Nxg5 Rxc4 27.
Rxh7 Rd4 28. Rf7 c4 29. h6 Rd8 30. h7+ Kh8 31. Rc7 f3 32. Nxf3 c3 33. Rxc3 Kxh7
34. Kf1 Kg6 35. Nh4+ Kg5 36. Nf3+ Kg4 37. Ke2 Rd7 38. Ne5+ 1-0

[Event "Ostravský koník 2014 - FIDE Open B"]
[Site "Ostrava, CZE"]
[Date "2014.04.30"]
[Round "5"]
[White "Milat, Patrik"]
[Black "Dvorak, Vladimir"]
[Result "1/2-1/2"]
[WhiteElo "2006"]
[BlackElo "2046"]
[PlyCount "93"]

1. d4 Nf6 2. c4 Nc6 3. Nf3 e6 4. Nc3 Bb4 5. Qc2 d6 6. a3 Bxc3+ 7. Qxc3 Qe7 8.
b4 O-O 9. b5 Nb8 10. Bg5 h6 11. Bxf6 Qxf6 12. g3 b6 13. Bg2 Bb7 14. O-O Rd8 15.
Nd2 Bxg2 16. Kxg2 Nd7 17. f4 Qg6 18. Ra2 Nf6 19. Qc2 Qxc2 20. Rxc2 a6 21. Rf3
axb5 22. cxb5 Ra7 23. e4 d5 24. e5 Ne8 25. g4 Ra4 26. Rd3 f6 27. Kf3 Rda8 28.
Rcc3 R4a5 29. Rb3 Kf7 30. Ke3 g6 31. Nf3 f5 32. g5 h5 33. Kd2 R5a7 34. Kc2 Ng7
35. Kb2 Rh8 36. h4 Rha8 37. Ne1 Ne8 38. Nc2 Ra5 39. Rdc3 Kf8 40. Rc6 Ke7 41.
Rb4 Kd7 42. Rc3 Rc8 43. Kb3 c5 44. bxc6+ Rxc6 45. Rxc6 Kxc6 46. a4 Nc7 47. Na3
1/2-1/2

[Event "Ostravský koník 2014 - FIDE Open B"]
[Site "Ostrava, CZE"]
[Date "2014.04.30"]
[Round "5"]
[White "Sladek, Vladislav"]
[Black "Hastik, Svatopluk"]
[Result "1/2-1/2"]
[WhiteElo "1987"]
[BlackElo "2037"]
[PlyCount "45"]

1. e4 g6 2. d4 Bg7 3. Nc3 d6 4. Nf3 Nf6 5. h3 O-O 6. Be3 c6 7. a4 a5 8. Qd2 Re8
9. Rd1 Na6 10. Bc4 d5 11. exd5 cxd5 12. Bb5 Bd7 13. Bxd7 Qxd7 14. Ne5 Qd8 15.
O-O Nb4 16. Nd3 e6 17. Bf4 Bf8 18. Nb5 Ne4 19. Qe2 Rc8 20. c3 Na6 21. Rfe1 Nd6
22. Ne5 f6 23. Ng4 1/2-1/2

[Event "Ostravský koník 2014 - FIDE Open B"]
[Site "Ostrava, CZE"]
[Date "2014.04.30"]
[Round "5"]
[White "Trombik, Karel"]
[Black "Sovadina, Jiri"]
[Result "0-1"]
[WhiteElo "2016"]
[BlackElo "1926"]
[PlyCount "84"]

1. d4 Nf6 2. Bg5 e6 3. e4 h6 4. Bxf6 Qxf6 5. Nf3 b6 6. Bd3 Bb7 7. O-O c5 8. c3
Qd8 9. Nbd2 Be7 10. Qe2 O-O 11. Rad1 cxd4 12. cxd4 d6 13. Rfe1 Nd7 14. Nf1 Rc8
15. Ne3 Nf6 16. Nd2 Qd7 17. Ng4 Rc7 18. f4 Nxg4 19. Qxg4 f5 20. exf5 exf5 21.
Qe2 Bf6 22. Nb3 Bd5 23. Bb1 g6 24. Qd2 Qa4 25. Re3 Kf7 26. Kh1 Rfc8 27. h3 a5
28. Kh2 Qc6 29. Rc3 Qb7 30. Rg3 Re7 31. Nc1 Rce8 32. a3 Bh4 33. Rc3 Be1 34. Qc2
Bxc3 35. bxc3 Kg7 36. Qd2 Be4 37. d5 Qc7 38. Qd4+ Kf7 39. g4 fxg4 40. hxg4 Qc5
41. f5 g5 42. f6 Re5 0-1

[Event "Ostravský koník 2014 - FIDE Open B"]
[Site "Ostrava, CZE"]
[Date "2014.04.30"]
[Round "5"]
[White "Pesl, Jan"]
[Black "Radecki, Petr"]
[Result "0-1"]
[WhiteElo "1780"]
[BlackElo "2013"]
[PlyCount "44"]

1. e4 c5 2. Nc3 Nc6 3. Nf3 e6 4. Bc4 a6 5. a4 Qc7 6. O-O Nd4 7. d3 Ne7 8. Nxd4
cxd4 9. Ne2 Nc6 10. f4 d6 11. Bd2 g6 12. Qe1 Bg7 13. f5 Be5 14. f6 h5 15. b4
Nb8 16. Kh1 Nd7 17. Qh4 b6 18. Nf4 Bxf4 19. Qxf4 e5 20. Qg5 Nf8 21. Bb3 h4 22.
c3 Rh5 0-1

[Event "Ostravský koník 2014 - FIDE Open B"]
[Site "Ostrava, CZE"]
[Date "2014.04.30"]
[Round "5"]
[White "Snyta, Zdenek"]
[Black "Stanek, Stanislav"]
[Result "1-0"]
[WhiteElo "2091"]
[BlackElo "1917"]
[PlyCount "88"]

1. e4 e5 2. Nc3 c6 3. Bc4 d6 4. d3 Be7 5. f4 Nf6 6. Nf3 Bg4 7. fxe5 Bxf3 8.
Qxf3 dxe5 9. Qg3 O-O 10. Qxe5 Nbd7 11. Qf5 Qb6 12. Bb3 Nc5 13. Qh3 Nxb3 14.
axb3 Rfe8 15. Be3 Bc5 16. Bxc5 Qxc5 17. O-O-O b5 18. Rhf1 a5 19. Rf5 Qf8 20.
Rdf1 Re7 21. e5 Ne8 22. Ne4 h6 23. R1f3 Raa7 24. Rh5 Re6 25. Qxe6 fxe6 26.
Rxf8+ Kxf8 27. Nc5 Ke7 28. Rh4 Nc7 29. Rd4 Ne8 30. g4 g5 31. Re4 Nc7 32. Re3
Nd5 33. Rh3 Ra8 34. Rxh6 Rf8 35. Rxe6+ Kd8 36. Rd6+ Ke8 37. Ne4 Rf1+ 38. Kd2
Rg1 39. c4 Rg2+ 40. Ke1 Ne3 41. Nd2 Rxh2 42. cxb5 cxb5 43. Rf6 Ke7 44. Rb6 Nc2+
1-0

[Event "Ostravský koník 2014 - FIDE Open B"]
[Site "Ostrava, CZE"]
[Date "2014.04.30"]
[Round "5"]
[White "Kosar ml., Mikulas"]
[Black "Dobes, Ludek"]
[Result "0-1"]
[WhiteElo "1896"]
[BlackElo "2066"]
[PlyCount "36"]

1. e4 c5 2. f4 d5 3. exd5 Nf6 4. c4 e6 5. dxe6 Bxe6 6. Nc3 Nc6 7. Nf3 Bd6 8. d3
Qe7 9. Ne4 Bf5 10. Be2 Nxe4 11. dxe4 Bxe4 12. O-O O-O-O 13. Qa4 Qc7 14. Ne5
Nxe5 15. fxe5 Bxe5 16. Qxa7 Bxh2+ 17. Kh1 f5 18. Be3 Bxg2+ 0-1

[Event "Ostravský koník 2014 - FIDE Open B"]
[Site "Ostrava, CZE"]
[Date "2014.04.30"]
[Round "5"]
[White "Kocur, Valter"]
[Black "Kriebel, Rudolf"]
[Result "1-0"]
[WhiteElo "2061"]
[BlackElo "1889"]
[PlyCount "82"]

1. c4 Nf6 2. Nc3 e5 3. g3 c6 4. Nf3 Bd6 5. Bg2 O-O 6. d4 exd4 7. Qxd4 Be7 8. e4
d6 9. O-O Nbd7 10. h3 Qb6 11. Qxb6 Nxb6 12. b3 Be6 13. Ba3 Rfe8 14. Nd4 d5 15.
Bxe7 Rxe7 16. cxd5 cxd5 17. e5 Ne8 18. f4 Nc7 19. Rf2 Bd7 20. Rd1 Rc8 21. Rfd2
h6 22. a4 a5 23. Kh2 Kf8 24. g4 g6 25. Nc2 Ne6 26. Ne2 Nc5 27. Ned4 Ne6 28. Kg3
Rc3+ 29. Rd3 Nxd4 30. Nxd4 Rxd3+ 31. Rxd3 Ke8 32. Nc2 Be6 33. Ne3 Rc7 34. f5
gxf5 35. gxf5 Bd7 36. Bxd5 Bc6 37. Bxc6+ Rxc6 38. Kf4 Ke7 39. Ke4 h5 40. f6+
Ke8 41. Nf5 Rc8 1-0

[Event "Ostravský koník 2014 - FIDE Open B"]
[Site "Ostrava, CZE"]
[Date "2014.04.30"]
[Round "5"]
[White "Lipovsky, Tomas"]
[Black "Novak, Borivoj"]
[Result "1/2-1/2"]
[WhiteElo "2011"]
[BlackElo "1844"]
[PlyCount "44"]

1. e4 c5 2. c3 d5 3. exd5 Qxd5 4. d4 e5 5. dxe5 Qxd1+ 6. Kxd1 Nc6 7. Bb5 Bg4+
8. f3 O-O-O+ 9. Ke2 Bd7 10. Bxc6 Bxc6 11. Kf2 f6 12. exf6 Nxf6 13. Ne2 Bd6 14.
Bf4 Rhf8 15. Bxd6 Ne4+ 16. Kg1 Rxd6 17. Na3 Rd2 18. Re1 Nd6 19. Ng3 Rxb2 20.
Re2 Rxe2 21. Nxe2 g5 22. h3 h5 1/2-1/2

[Event "Ostravský koník 2014 - FIDE Open B"]
[Site "Ostrava, CZE"]
[Date "2014.04.30"]
[Round "5"]
[White "Zeman, Arnost"]
[Black "Mrazek, Roman"]
[Result "1/2-1/2"]
[WhiteElo "1993"]
[BlackElo "1842"]
[PlyCount "67"]

1. Nf3 d5 2. d4 Nd7 3. Nbd2 Ngf6 4. e3 e6 5. Bd3 c5 6. c3 Bd6 7. e4 dxe4 8.
Nxe4 Nxe4 9. Bxe4 Qc7 10. O-O Nf6 11. Bc2 Bd7 12. dxc5 Bxc5 13. Qe2 O-O 14. Bg5
Be7 15. Ne5 Bc6 16. Nxc6 Qxc6 17. Rad1 Rfd8 18. Bb3 Rxd1 19. Rxd1 Rd8 20. Rxd8+
Bxd8 21. Qd3 Be7 22. h3 h6 23. Be3 b6 24. Bc2 Qd6 25. Qe2 Nd5 26. Bd4 Qf4 27.
g3 Qc1+ 28. Kg2 Bf6 29. Bxf6 Nxf6 30. Qd1 Qxd1 31. Bxd1 Kf8 32. Kf3 Ke7 33. Ke3
Kd6 34. h4 1/2-1/2

[Event "Ostravský koník 2014 - FIDE Open B"]
[Site "Ostrava, CZE"]
[Date "2014.04.30"]
[Round "5"]
[White "Cubok, Milan"]
[Black "Holecek, Vladimir"]
[Result "0-1"]
[WhiteElo "1824"]
[BlackElo "1981"]
[PlyCount "80"]

1. e4 c5 2. Nf3 Nf6 3. Nc3 Nc6 4. d4 cxd4 5. Nxd4 d6 6. Be2 e5 7. Nb3 Be6 8.
Be3 Be7 9. O-O a5 10. f4 exf4 11. Rxf4 O-O 12. Nd4 Nxd4 13. Bxd4 Nd7 14. Rf3
Ne5 15. Rf2 Bg5 16. b3 Nc6 17. Rf1 Nxd4 18. Qxd4 Bf6 19. Qe3 Rc8 20. Nb5 Bxa1
21. Rxa1 Rxc2 22. Bd3 Rc5 23. Rd1 Qb6 24. Nd4 Re5 25. Qf2 Bg4 26. Rd2 Bh5 27.
h3 Bg6 28. Nf3 Qxf2+ 29. Kxf2 Re7 30. Bc4 Bxe4 31. Rxd6 Bc6 32. Nd4 Rd7 33. Nf5
Rxd6 34. Nxd6 Rd8 35. Nxf7 Rd2+ 36. Kf1 Kf8 37. Ng5 Rxg2 38. Ne6+ Ke7 39. a4 g5
40. Nd4 Rh2 0-1

[Event "Ostravský koník 2014 - FIDE Open B"]
[Site "Ostrava, CZE"]
[Date "2014.04.30"]
[Round "5"]
[White "Melecky, Jaroslav"]
[Black "Nisztuk, Michal"]
[Result "0-1"]
[WhiteElo "1973"]
[BlackElo "1762"]
[PlyCount "74"]

1. e4 e5 2. Nf3 Nc6 3. d4 exd4 4. Nxd4 Bc5 5. Nb3 Bb6 6. Nc3 d6 7. a4 a6 8. Be2
Be6 9. O-O Nge7 10. Nd5 Bxd5 11. exd5 Ne5 12. Kh1 Nf5 13. Bg4 Qf6 14. Bxf5 Qxf5
15. Nd4 Qe4 16. Re1 Qxd4 17. Qxd4 Bxd4 18. f4 f6 19. Re4 Ba7 20. Bd2 Kf7 21.
fxe5 dxe5 22. Bb4 Rad8 23. c4 Bd4 24. Ba3 Rd7 25. Rf1 Rhd8 26. g4 g6 27. Rf3 c6
28. dxc6 bxc6 29. Kg2 Ba7 30. Rxe5 Rd2+ 31. Kf1 Rxh2 32. Re7+ Kg8 33. Ke1 Bd4
34. Rb3 Be5 35. g5 Bd4 36. gxf6 Bxf6 37. Re6 Bh4+ 0-1

[Event "Ostravský koník 2014 - FIDE Open B"]
[Site "Ostrava, CZE"]
[Date "2014.04.30"]
[Round "5"]
[White "Mejzr, Jan"]
[Black "Malinovsky, Petr"]
[Result "0-1"]
[WhiteElo "1798"]
[BlackElo "1969"]
[PlyCount "116"]

1. d4 d5 2. e3 Bf5 3. Bd3 Bxd3 4. Qxd3 c6 5. Nf3 e6 6. a4 Nf6 7. Nbd2 Nbd7 8.
e4 dxe4 9. Nxe4 Nxe4 10. Qxe4 Nf6 11. Qe2 Be7 12. O-O O-O 13. Re1 Qc7 14. c3 c5
15. c4 cxd4 16. Nxd4 Rad8 17. Be3 a6 18. Rec1 Nd7 19. c5 Bf6 20. c6 Nb8 21.
cxb7 Qxb7 22. Rc4 Rd7 23. Rb1 Rfd8 24. Nf3 h6 25. h3 Qb3 26. Qc2 Qxc2 27. Rxc2
Rb7 28. b4 Nd7 29. Rd1 Rxb4 30. Rc7 Nb6 31. Rxd8+ Bxd8 32. Bxb6 Rxb6 33. Rc8
Rd6 34. Ne5 Kf8 35. f4 Ke7 36. Rb8 Rd1+ 37. Kf2 Rc1 38. Rb7+ Bc7 39. Nd3 Rc2+
40. Kf3 Kd6 41. Ra7 a5 42. Ra6+ Kd5 43. Ne5 Rc3+ 44. Kf2 Ra3 45. Nxf7 Rxa4 46.
g3 Bxf4 47. Nd8 Bd6 48. Nb7 Bb4 49. Nd8 Ra2+ 50. Kf1 e5 51. Nc6 Bc3 52. Ne7+
Ke4 53. Rc6 Bd4 54. g4 Kf3 55. Ke1 Be3 56. Kd1 Rd2+ 57. Ke1 Rd7 58. Nf5 Bf2+
0-1

[Event "Ostravský koník 2014 - FIDE Open B"]
[Site "Ostrava, CZE"]
[Date "2014.04.30"]
[Round "5"]
[White "Kula, Dominik"]
[Black "Repak, Jan"]
[Result "1/2-1/2"]
[WhiteElo "1968"]
[BlackElo "1679"]
[PlyCount "97"]

1. e4 c5 2. Nf3 d6 3. d4 cxd4 4. Nxd4 Nf6 5. Nc3 a6 6. Bc4 e6 7. Bb3 Nc6 8. O-O
Be7 9. f4 O-O 10. Be3 Qc7 11. Qf3 Bd7 12. g4 Nxd4 13. Bxd4 e5 14. g5 exd4 15.
gxf6 dxc3 16. fxe7 Rfe8 17. f5 Qa5 18. Kh1 Qe5 19. bxc3 Rxe7 20. Bd5 Bc6 21.
Bxc6 bxc6 22. Rae1 Rae8 23. Qd3 d5 24. exd5 Qxd5+ 25. Qxd5 cxd5 26. Rxe7 Rxe7
27. Rd1 h5 28. Rxd5 Re1+ 29. Kg2 Re2+ 30. Kg1 Rxc2 31. Ra5 Rxc3 32. Rxa6 Rc5
33. f6 Rg5+ 34. Kf2 Rf5+ 35. Kg3 gxf6 36. Ra8+ Kg7 37. a4 Rf1 38. a5 Ra1 39.
Kf3 f5 40. Kf4 Kg6 41. a6 Ra4+ 42. Kf3 Kg5 43. a7 Kh4 44. Kg2 Ra2+ 45. Kf3 Kh3
46. Rh8 Ra3+ 47. Kf4 Rxa7 48. Rxh5+ Kg2 49. Rxf5 1/2-1/2

[Event "Ostravský koník 2014 - FIDE Open B"]
[Site "Ostrava, CZE"]
[Date "2014.04.30"]
[Round "5"]
[White "Halacz, Martin"]
[Black "Kopta, Jiri"]
[Result "1/2-1/2"]
[WhiteElo "1000"]
[BlackElo "1960"]
[PlyCount "70"]

1. e4 c5 2. f4 d5 3. exd5 Qxd5 4. Nc3 Qd8 5. Nf3 Nc6 6. Bc4 Nf6 7. O-O Bg4 8.
d3 Nd4 9. Bxf7+ Kxf7 10. Ne5+ Kg8 11. Nxg4 h5 12. Ne5 e6 13. Ne4 Nxe4 14. dxe4
Qe8 15. c3 Nc6 16. Nf3 c4 17. Qa4 Ne5 18. Qc2 Bc5+ 19. Nd4 Nd3 20. b3 b5 21. e5
Rd8 22. Be3 g6 23. a4 a6 24. axb5 axb5 25. Ra6 Bxd4 26. Bxd4 Rxd4 27. cxd4 Nb4
28. Ra8 Qxa8 29. Qxg6+ Kf8 30. Qf6+ Kg8 31. Rf3 Qa1+ 32. Rf1 Qxd4+ 33. Kh1 Qd7
34. Qg6+ Qg7 35. Qe8+ Qf8 1/2-1/2

[Event "Ostravský koník 2014 - FIDE Open B"]
[Site "Ostrava, CZE"]
[Date "2014.04.30"]
[Round "5"]
[White "Petrov, Bogoljub"]
[Black "Kusak, Lubomir"]
[Result "1-0"]
[WhiteElo "1953"]
[BlackElo "1685"]
[PlyCount "75"]

1. f4 d5 2. Nf3 d4 3. d3 Nf6 4. h3 c5 5. e4 dxe3 6. Bxe3 b6 7. g3 Bb7 8. Bg2 e6
9. O-O Nd5 10. Bf2 Be7 11. Nbd2 Nd7 12. Ne4 O-O 13. Re1 Qc7 14. c3 Rad8 15. Qc2
h5 16. h4 N7f6 17. Ne5 Bd6 18. Nxd6 Rxd6 19. a3 Ne7 20. Be4 Rfd8 21. Bxb7 Qxb7
22. d4 cxd4 23. cxd4 Nf5 24. Rac1 Nxd4 25. Bxd4 Rxd4 26. Qc7 Qxc7 27. Rxc7 Rd2
28. Nxf7 R8d3 29. Ng5 Rxg3+ 30. Kf1 Rxg5 31. fxg5 Nd5 32. Rxa7 Nf4 33. Re4 Ng6
34. Rxe6 Nxh4 35. g6 Rd8 36. Rxb6 Nf3 37. Kf2 Ne5 38. Rbb7 1-0

[Event "Ostravský koník 2014 - FIDE Open B"]
[Site "Ostrava, CZE"]
[Date "2014.04.30"]
[Round "5"]
[White "Omamik, Pavel"]
[Black "Bergloviec, Jan"]
[Result "1-0"]
[WhiteElo "2044"]
[BlackElo "1869"]
[PlyCount "109"]

1. e4 c5 2. Nf3 d6 3. Bb5+ Nd7 4. c3 a6 5. Ba4 b5 6. Bc2 Bb7 7. O-O g6 8. Re1
Bg7 9. d4 Qc7 10. d5 Ngf6 11. Nbd2 O-O 12. Nf1 a5 13. Ng3 a4 14. Rb1 Ng4 15.
Ng5 Ngf6 16. f4 Nb6 17. h4 h6 18. Nf3 h5 19. Bd3 Ba6 20. Qe2 c4 21. Bc2 Ng4 22.
Be3 Nxe3 23. Qxe3 Nd7 24. Nd4 Nf6 25. Bd1 Rab8 26. Nc6 Rbe8 27. f5 e6 28. Nb4
Bc8 29. dxe6 fxe6 30. fxg6 Ng4 31. Bxg4 hxg4 32. Nh5 Bb7 33. Rbd1 Be5 34. g7
Bxg7 35. Nxg7 Qxg7 36. Rxd6 g3 37. Red1 Rf7 38. Nc6 Bxc6 39. Rxc6 Qg4 40. Qg5+
Qxg5 41. hxg5 Rf2 42. Rc5 Rxb2 43. g6 e5 44. Rc7 Rxa2 45. Rf7 Rf8 46. Rh7 Raf2
47. Rh5 a3 48. g7 Rf1+ 49. Rxf1 Rxf1+ 50. Kxf1 Kxg7 51. Rxe5 a2 52. Re7+ Kf6
53. Ra7 Ke5 54. Rxa2 Kxe4 55. Ke2 1-0

[Event "Ostravský koník 2014 - FIDE Open B"]
[Site "Ostrava, CZE"]
[Date "2014.04.30"]
[Round "5"]
[White "Mikulencak, Jan"]
[Black "Stehlik, Jiri"]
[Result "1/2-1/2"]
[WhiteElo "1834"]
[BlackElo "2017"]
[PlyCount "166"]

1. e4 c5 2. Nf3 g6 3. d4 Bg7 4. c3 cxd4 5. cxd4 Nf6 6. Bd3 O-O 7. d5 d6 8. O-O
Nbd7 9. Be3 Nc5 10. Qc2 Nxd3 11. Qxd3 Ng4 12. Nc3 Nxe3 13. Qxe3 Bg4 14. h3 Bxf3
15. Qxf3 Qb6 16. Rab1 Rac8 17. Qd3 Qd4 18. Qxd4 Bxd4 19. Nb5 Bg7 20. Nxa7 Rc2
21. Rfc1 Re2 22. Re1 Rxe1+ 23. Rxe1 Ra8 24. Nb5 Bxb2 25. a3 Ra5 26. Nc7 Rxa3
27. Rb1 Ra1 28. Rxa1 Bxa1 29. Kf1 Bd4 30. Ke2 Kf8 31. f4 Bb6 32. Nb5 f5 33. Kf3
fxe4+ 34. Kxe4 Kf7 35. g4 h6 36. Na3 e6 37. Nb5 Bc5 38. Nc7 exd5+ 39. Kxd5 Be3
40. Ke4 Bd2 41. Nd5 b5 42. Nc7 b4 43. Kd3 Bxf4 44. Nd5 Be5 45. Nxb4 Kf6 46. Ke4
Kg5 47. Kf3 h5 48. Nd5 Kh4 49. gxh5 Kxh5 50. Ne7 Kg5 51. Nd5 Bf6 52. Ke4 Bd8
53. Nf4 Ba5 54. Kf3 Kf5 55. Nd5 Bd8 56. Nf4 Bg5 57. Nd3 Bd2 58. Ke2 Bc3 59. Kf3
Be5 60. Ke3 Bf6 61. Kf3 Bg5 62. Nb4 Ke5 63. Nc6+ Kd5 64. Nb4+ Kc5 65. Nd3+ Kc4
66. Ke2 Kc3 67. Nf2 d5 68. Nd3 Kd4 69. Nf2 Bh4 70. Nd1 Ke4 71. Nc3+ Ke5 72. Kf3
Bd8 73. Ne2 Bg5 74. Kg4 Bd2 75. h4 Ke4 76. Ng3+ Ke5 77. h5 gxh5+ 78. Nxh5 Bc3
79. Nf4 d4 80. Ne2 d3 81. Nxc3 Kd4 82. Nd1 d2 83. Kf3 Kd3 1/2-1/2

[Event "Ostravský koník 2014 - FIDE Open B"]
[Site "Ostrava, CZE"]
[Date "2014.04.30"]
[Round "5"]
[White "Pisa, Vladimir"]
[Black "Cyron, Karel"]
[Result "0-1"]
[WhiteElo "1981"]
[BlackElo "1792"]
[PlyCount "76"]

1. d4 Nf6 2. c4 c5 3. d5 b5 4. cxb5 a6 5. bxa6 Bxa6 6. Nc3 g6 7. e4 Bxf1 8.
Kxf1 d6 9. Nge2 Bg7 10. h4 Nbd7 11. Rh3 Qc8 12. Qc2 O-O 13. Kg1 Qa6 14. Bg5
Rfc8 15. Ng3 Ne5 16. h5 Qd3 17. Qc1 Qa6 18. hxg6 hxg6 19. Bh6 Bh8 20. Nf5 Rc7
21. Bf8 Nfg4 22. Nh6+ Kxf8 23. Nxg4 Bg7 24. Nxe5 dxe5 25. Nd1 Qe2 26. Re3 Qg4
27. f3 Qg3 28. Qc2 Bh6 29. Re2 Bf4 30. Nf2 c4 31. a4 Kg7 32. a5 c3 33. b4 Rh8
34. Rb1 Rcc8 35. Kf1 Rh2 36. Nh3 Rh1+ 37. Ng1 Rch8 38. a6 Rxg1+ 0-1

[Event "Ostravský koník 2014 - FIDE Open B"]
[Site "Ostrava, CZE"]
[Date "2014.04.30"]
[Round "5"]
[White "Hanak, Tomas"]
[Black "Novacek, Pavel"]
[Result "0-1"]
[WhiteElo "1757"]
[BlackElo "1979"]
[PlyCount "64"]

1. e4 c5 2. Nf3 e6 3. d4 cxd4 4. Nxd4 Nf6 5. Nc3 d6 6. Be2 Be7 7. Be3 Nc6 8.
Qd2 O-O 9. O-O-O a6 10. Kb1 Bd7 11. g4 Nxd4 12. Bxd4 Bc6 13. f3 Nd7 14. Rdg1 b5
15. h4 b4 16. Nd1 Nc5 17. Bf2 a5 18. h5 a4 19. g5 b3 20. h6 bxc2+ 21. Qxc2 g6
22. Bxc5 dxc5 23. Qc3 Qd4 24. Qxd4 cxd4 25. Bd3 Rfb8 26. Rh2 Bd6 27. Rc2 Bd7
28. Nf2 Bf4 29. Rg4 e5 30. Rg2 Rc8 31. Nd1 Rxc2 32. Kxc2 Rc8+ 0-1